000 00708nam a2200193Ia 4500
003 GCL
008 140319s9999 xx 000 0 ara d
040 _aGCL /
_cGCL
082 0 4 _a814.008
_bم ف
245 1 0 _aفتنة صدام الدجال :
_bمقالات واحاديث علماء الاسلام حول جريمة غزو العراق لدولة الكويت
250 _aالاولى
260 _aالقاهرة :
_bالمركز الاعلامى الكويتى
300 _a250 ص ؛
_c24 سم
650 0 4 _aالمقالات العربية
650 0 4 _aالحرب والسلام
650 0 4 _aحرب العراق -1990-الكويت
650 0 4 _aالتاريخ - مقالات
942 _2ddc
_cBK
999 _c5021
_d5021